| 000 | 00710cab a2200205 4500 | ||
|---|---|---|---|
| 001 | L136884 | ||
| 008 | 070228n2006 000 0 eng u | ||
| 035 | _a(Sirsi) u136884 | ||
| 041 | 0 | _aeng | |
| 100 | 1 | _aShirley, Andrew | |
| 245 | 0 | 4 |
_aThe land market 2006 _bthe first six months |
| 260 | _c2006 | ||
| 490 | 0 | 0 |
_aFarmland Market _v(66) Autumn 2006, 4-9(6) |
| 520 | _aLooks at the land market in Great Britain in the first six months of 2006. Covers prices, the Irish market, dairy farms, tax. Includes a regional round-up. | ||
| 590 | _aKA | ||
| 651 | 4 | _aGREAT BRITAIN | |
| 651 | 4 |
_aIreland (Republic of) _y |
|
| 690 | _aPROPERTY-RURAL AND NATURAL ASSETS-RURAL AND NATURAL ASSET MARKET | ||
| 942 | _n0 | ||
| 999 |
_c78480 _d78480 |
||